000
00349 a2200169 4500
001
192297
020
_a
978-85-250-5500-2
040
_c
Magnum
100
_a
Ferreira, Leila
240
1
0
_a
Viver não dói
_l
por
245
1
0
_a
Viver não dói
300
_a
276
362
0
_a
2013
440
1
_a
Globo
697
_a
LITERATURA GERAL
942
_c
BK
999
_c
192297
_d
192297